UM Logo

Social behavioral statistics / (Record no. 23853)

MARC details
000 -LEADER
fixed length control field 01354nam a22002057a 4500
005 - DATE AND TIME OF LATEST TRANSACTION
control field 20250919180019.0
008 - FIXED-LENGTH DATA ELEMENTS--GENERAL INFORMATION
fixed length control field 250919b |||||||| |||| 00| 0 eng d
020 ## - INTERNATIONAL STANDARD BOOK NUMBER
International Standard Book Number 9781108744706
082 ## - DEWEY DECIMAL CLASSIFICATION NUMBER
Classification number DC 304.0727 H42 2025
100 ## - MAIN ENTRY--PERSONAL NAME
Personal name Heredia, Roberto R.
9 (RLIN) 67865
245 ## - TITLE STATEMENT
Title Social behavioral statistics /
Statement of responsibility, etc. Roberto R. Heredia and Richard D. Hartley.
260 ## - PUBLICATION, DISTRIBUTION, ETC. (IMPRINT)
Place of publication, distribution, etc. UK :
Name of publisher, distributor, etc. Cambridge University Press,
Date of publication, distribution, etc. ©2025.
300 ## - PHYSICAL DESCRIPTION
Extent xxi, 427 pages :
Other physical details illustrations ;
Dimensions 25 cm.
500 ## - GENERAL NOTE
General note Includes appendices, glossary, references, and index.
505 ## - FORMATTED CONTENTS NOTE
Formatted contents note Statistics in the research process -- Tabular and graphical representations -- Measures of central tendency -- Variability -- The normal curve --<br/>Hypothesis testing -- Effect size, power, and parameter estimation -- The t-Test -- Analysis of variance -- Bivariate correlation -- Regression -- The<br/>Chi-Square test
520 ## - SUMMARY, ETC.
Summary, etc. "Aiming to do away with the mindset that statistics is difficult, this textbook simplifies mathematical computations and emphasizes the<br/>importance of intuition, critical thinking, and problem-solving strategies. Students will acquire a conceptual understanding of knowing how,<br/>when, and why to select a statistical procedure to analyze data"
650 #0 - SUBJECT ADDED ENTRY--TOPICAL TERM
Topical term or geographic name as entry element Social sciences
General subdivision Statistical methods.
9 (RLIN) 67957
700 ## - ADDED ENTRY--PERSONAL NAME
Personal name Hartley, Richard D.
9 (RLIN) 67866
Relator term author.
942 ## - ADDED ENTRY ELEMENTS (KOHA)
Source of classification or shelving scheme Dewey Decimal Classification
Koha item type Circulation
Holdings
Withdrawn status Lost status Source of classification or shelving scheme Damaged status Not for loan Collection code Home library Current library Shelving location Date acquired Source of acquisition Cost, normal purchase price Total Checkouts Full call number Barcode Date last seen Date last checked out Price effective from Koha item type
    Dewey Decimal Classification     Circulation UM Digos College - LIC UM Digos College - LIC Book Cart 08/11/2025 Purchased 6759.00 1 DC 304.0727 H42 2025 28909 01/27/2026 01/20/2026 09/19/2025 Circulation